[Event "CAN-ch"]
[Site "Toronto"]
[Date "2004.08.29"]
[Round "9"]
[White "Tipu, Vincent"]
[Black "Meng, Ang"]
[Result "1-0"]
[WhiteElo "2194"]
[BlackElo "2175"]
[PlyCount "109"]
[EventDate "2004.08.20"]
[EventType "swiss"]
[EventRounds "9"]
[EventCountry "CAN"]
[SourceTitle "CBM 101 Extra"]
[Source "ChessBase"]
[SourceDate "2004.09.01"]
[SourceVersion "2"]
[SourceVersionDate "2004.09.01"]
[SourceQuality "1"]

1. e4 d5 2. Nc3 Nf6 3. exd5 Nxd5 4. Bc4 Nxc3 5. Qf3 e6 6. dxc3 Qf6 7. Qe2 Nc6 8. Nf3 h6 9. Be3 Ne5 10. Bd4 Nxf3+ 11. gxf3 Qg5 12. h4 Qh5 13. 0-0-0 Bd7 14. Rd3 Rg8 15. Qe4 0-0-0 16. Bxa7 Bc5 17. Ba6 c6 18. Bxc5 Qxc5 19. Bc4 g5 20. Rhd1 Qxf2 21. hxg5 Rxg5 22. R3d2 Qc5 23. b4 Qa7 24. Kb2 Rg1 25. Qf4 Rxd1 26. Rxd1 Be8 27. Rxd8+ Kxd8 28. Qxh6 c5 29. Qf8 Qb6 30. a4 cxb4 31. Bb5 bxc3+ 32. Kb3 Kc7 33. Qe7+ Kb8 34. Qxe8+ Ka7 35. Qxf7 Qd6 36. Qd7 Qc5 37. Qxe6 Qg1 38. Qe2 Kb6 39. Kxc3 Ka5 40. Kb2 Qd4+ 41. c3 Qd6 42. Be8 Kb6 43. Qe3+ Kc7 44. f4 Qh6 45. Bb5 Kb8 46. Bd3 Ka8 47. Qd4 Qh2+ 48. Bc2 b5 49. axb5 Kb7 50. f5 Kc7 51. f6 Qh5 52. Qc4+ Kb8 53. f7 Qf3 54. b6 Ka8 55. Qc8# 1-0

[Event "CAN-ch"]
[Site "Toronto"]
[Date "2004.08.25"]
[Round "6"]
[White "Urquhart, Eddie"]
[Black "Meng, Ang"]
[Result "0-1"]
[WhiteElo "2197"]
[BlackElo "2175"]
[PlyCount "66"]
[EventDate "2004.08.20"]
[EventType "swiss"]
[EventRounds "9"]
[EventCountry "CAN"]
[SourceTitle "CBM 101 Extra"]
[Source "ChessBase"]
[SourceDate "2004.09.01"]
[SourceVersion "2"]
[SourceVersionDate "2004.09.01"]
[SourceQuality "1"]

1. e4 d5 2. exd5 Nf6 3. c4 c6 4. d4 cxd5 5. Nc3 Nc6 6. Be3 e6 7. c5 b6 8. Bb5 Bd7 9. Bxc6 Bxc6 10. b4 bxc5 11. bxc5 Qa5 12. Qd2 Bxc5 13. dxc5 d4 14. Ne4 Qxd2+ 15. Bxd2 Nxe4 16. Nf3 Nxd2 17. Kxd2 Bxf3 18. gxf3 Kd7 19. Kd3 Kc6 20. Rhg1 g6 21. Kxd4 Rhd8+ 22. Ke3 Rd5 23. Rgc1 Rb8 24. Rab1 Rxb1 25. Rxb1 Rxc5 26. Rb8 Rf5 27. Rb4 a5 28. Rb8 Kd6 29. Rb7 Ke5 30. Ra7 Kf6 31. f4 Rb5 32. Kf3 Rc5 33. Kg3 Rc3+ 0-1

[Event "CAN-ch"]
[Site "Toronto"]
[Date "2004.08.22"]
[Round "3"]
[White "Goutor, Valentina"]
[Black "Meng, Ang"]
[Result "0-1"]
[WhiteElo "1915"]
[BlackElo "2175"]
[PlyCount "156"]
[EventDate "2004.08.20"]
[EventType "swiss"]
[EventRounds "9"]
[EventCountry "CAN"]
[SourceTitle "CBM 101 Extra"]
[Source "ChessBase"]
[SourceDate "2004.09.01"]
[SourceVersion "2"]
[SourceVersionDate "2004.09.01"]
[SourceQuality "1"]

1. e4 e5 2. Nf3 Nc6 3. Bb5 a6 4. Ba4 Nf6 5. 0-0 b5 6. Bb3 Bd6 7. Re1 0-0 8. c3 h6 9. d3 Re8 10. Nbd2 Bf8 11. Nf1 d5 12. Ne3 dxe4 13. dxe4 Qxd1 14. Rxd1 Na5 15. Nd5 Nxb3 16. axb3 Nxd5 17. Rxd5 Be6 18. Rxe5 g6 19. Nd4 Kh7 20. Nxe6 fxe6 21. Be3 Bd6 22. Bd4 Bxe5 23. Bxe5 c6 24. Bd6 e5 25. b4 Rad8 26. Bc5 Rd2 27. Kf1 Ra8 28. Ra2 g5 29. Ke1 Rd7 30. Ra1 Kg6 31. Ke2 g4 32. Be3 h5 33. g3 Kf6 34. Bb6 Ke6 35. Bc5 Kf7 36. Be3 Ke7 37. Bb6 Rb7 38. Bc5+ Ke6 39. Rd1 Rd7 40. Ra1 Kf7 41. Be3 Ke8 42. Bb6 Rd6 43. Bc7 Re6 44. Rd1 Re7 45. Bd6 Rd7 46. Bc5 Rxd1 47. Kxd1 a5 48. bxa5 Rxa5 49. Bd6 Ra2 50. Kc2 Ra7 51. Bxe5 Re7 52. Bd4 Rxe4 53. Be3 Kd7 54. b4 Ke6 55. Kd3 Kd5 56. Bd2 Re8 57. Be3 Rf8 58. Bd4 Ra8 59. Ke3 Rf8 60. Kd3 Rf7 61. Bc5 Rf3+ 62. Be3 Rf8 63. Bd4 Re8 64. Be3 Re6 65. Bc5 Re1 66. Bd4 Rh1 67. Ke3 Rxh2 68. Kf4 Rh1 69. Kg5 Ke4 70. Kf6 Rd1 71. Kg5 Rh1 72. Kf6 Kd5 73. Kg5 Kc4 74. Kf5 Kd3 75. Ke5 Rc1 76. Kd6 Rxc3 77. Bc5 Kc4 78. Kxc6 Rb3 0-1

[Event "Toronto-A"]
[Site "Toronto"]
[Date "2004.03.07"]
[Round "8"]
[White "Meng, Ang"]
[Black "Sviridovitch, Alina"]
[Result "1-0"]
[WhiteElo "2203"]
[BlackElo "1957"]
[PlyCount "59"]
[EventDate "2004.01.??"]
[EventType "tourn"]
[EventRounds "11"]
[EventCountry "CAN"]
[SourceTitle "EXT 2005"]
[Source "ChessBase"]
[SourceDate "2004.11.15"]
[SourceVersion "1"]
[SourceVersionDate "2004.11.15"]
[SourceQuality "1"]

1. g3 c5 2. Bg2 e6 3. d3 d6 4. Nc3 g6 5. e4 Bg7 6. Nf3 Nc6 7. Bg5 Nge7 8. Qc1 h6 9. Be3 b6 10. Nh4 Bb7 11. f4 0-0 12. 0-0 Nd4 13. f5 exf5 14. Bxh6 b5 15. Bxg7 Kxg7 16. exf5 Nd5 17. f6+ Kh7 18. Qg5 Nxc3 19. Bxb7 Nce2+ 20. Kh1 Rb8 21. Be4 Qe8 22. c3 Ne6 23. Qh5+ Kg8 24. Qxe2 Rd8 25. Qg4 d5 26. Bf5 Rd6 27. Rae1 a6 28. Nxg6 fxg6 29. Bxg6 Qd7 30. Be8+ 1-0

[Event "Toronto-ch"]
[Site "Toronto"]
[Date "2002.01.23"]
[Round "6"]
[White "Richardson, Ross"]
[Black "Meng, Ang"]
[Result "0-1"]
[WhiteElo "2024"]
[BlackElo "2166"]
[PlyCount "116"]
[EventDate "2002.01.??"]
[EventType "tourn"]
[EventRounds "11"]
[EventCountry "CAN"]
[SourceTitle "EXT 2006"]
[Source "ChessBase"]
[SourceDate "2005.11.24"]
[SourceVersion "1"]
[SourceVersionDate "2005.11.24"]
[SourceQuality "1"]

1. d4 e6 2. c4 c5 3. Nf3 Nf6 4. Nc3 d5 5. cxd5 Nxd5 6. e3 cxd4 7. exd4 Bb4 8. Bd2 0-0 9. Bd3 Nc6 10. 0-0 Nf6 11. a3 Be7 12. Be3 Qa5 13. b4 Qh5 14. b5 Na5 15. h3 b6 16. Be2 Nd5 17. Ne4 Nxe3 18. fxe3 Qh6 19. Qd3 Nc4 20. Qxc4 Qxe3+ 21. Rf2 Qxe4 22. Bd3 Qd5 23. Qc2 f5 24. Re1 Bf6 25. Bc4 Qd6 26. Rd2 Kh8 27. Qb3 Re8 28. Ne5 Bxe5 29. Rxe5 Bd7 30. Qe3 Rac8 31. Qd3 Qc7 32. Rc2 Qd6 33. Rce2 h6 34. Kh1 Rc7 35. d5 Bc8 36. dxe6 Qxd3 37. Bxd3 g6 38. e7 Kg7 39. Bc2 Kf6 40. Rd5 Rexe7 41. Rd6+ Kg7 42. Red2 Rcd7 43. Kh2 Rxd6 44. Rxd6 Rd7 45. Rc6 Bb7 46. Re6 Bd5 47. Re8 Kf6 48. Rf8+ Ke5 49. Rh8 Bc4 50. Rxh6 Rd2 51. Ba4 Kf6 52. Rh7 Bd5 53. Rxa7 Rxg2+ 54. Kh1 Kg5 55. Ra6 Rg3+ 56. Kh2 Kf4 57. Rxb6 Rxa3 58. Ra6 Ra1 0-1

[Event "Toronto-ch"]
[Site "Toronto"]
[Date "2002.01.21"]
[Round "5"]
[White "Meng, Ang"]
[Black "Campbell, Brett"]
[Result "1-0"]
[WhiteElo "2144"]
[BlackElo "2270"]
[PlyCount "63"]
[EventDate "2002.01.??"]
[EventType "tourn"]
[EventRounds "11"]
[EventCountry "CAN"]
[SourceTitle "EXT 2006"]
[Source "ChessBase"]
[SourceDate "2005.11.24"]
[SourceVersion "1"]
[SourceVersionDate "2005.11.24"]
[SourceQuality "1"]

1. f4 d5 2. g3 c5 3. Bg2 Nc6 4. Nf3 Nf6 5. 0-0 g6 6. d3 Bg7 7. e3 0-0 8. Nbd2 Qd6 9. e4 e5 10. exd5 Qxd5 11. fxe5 Nxe5 12. Nxe5 Qxe5 13. Nc4 Qe7 14. Bf4 Rd8 15. Qf3 Nh5 16. Bd6 Rxd6 17. Nxd6 Bd4+ 18. Kh1 Qxd6 19. Qxf7+ Kh8 20. Qe8+ Kg7 21. Rf7+ Kh6 22. Qg8 Nf6 23. Qg7+ Kg5 24. h4+ Kg4 25. Qh6 Qe5 26. Rf1 Nh5 27. Bf3+ Kh3 28. Bxh5 gxh5 29. Qd2 Qd5+ 30. R1f3 Be5 31. Qg2+ Kg4 32. R3f4+ 1-0

[Event "Toronto-ch"]
[Site "Toronto"]
[Date "2002.01.14"]
[Round "2"]
[White "Veltmann, Martin"]
[Black "Meng, Ang"]
[Result "0-1"]
[WhiteElo "2200"]
[BlackElo "2166"]
[PlyCount "72"]
[EventDate "2002.01.??"]
[EventType "tourn"]
[EventRounds "11"]
[EventCountry "CAN"]
[SourceTitle "EXT 2006"]
[Source "ChessBase"]
[SourceDate "2005.11.24"]
[SourceVersion "1"]
[SourceVersionDate "2005.11.24"]
[SourceQuality "1"]

1. c4 e6 2. Nf3 d5 3. d4 Nf6 4. Nc3 c6 5. Bf4 dxc4 6. e3 b5 7. a4 Bb4 8. Nd2 Bxc3 9. bxc3 Bb7 10. Qb1 Nd5 11. axb5 Nxc3 12. Qc2 Nd5 13. Bxb8 Rxb8 14. Bxc4 Qb6 15. bxc6 Nb4 16. Qb3 Bxc6 17. 0-0 0-0 18. Rfb1 a5 19. Qd1 Rfd8 20. Qh5 Ra8 21. Nf3 Be4 22. Rb2 Qc6 23. Ne5 Qc7 24. Qe2 Rac8 25. f3 Bf5 26. e4 Bg6 27. Rd2 Qb6 28. Qf2 f6 29. Nxg6 Rxc4 30. Nf4 Qd6 31. Ne2 Nc6 32. Rda2 Qb4 33. Qe3 Nxd4 34. Nxd4 Rcxd4 35. Rxa5 Rd3 36. Qa7 Rd1+ 0-1